000 00737nam a2200193 a 4500
008 120416s1995 ||||||||||||||||| || u
020 _a9171063692
050 _aHC 910 Str
100 _aGibbon, Peter
245 1 0 _aStructural adjustment and the working poor in Zimbabwe
_cedited by Peter Gibbon
260 _aUppsala
_bNordiska Africainstitutet
_c1995
300 _a283p. : ill
350 _a0.00
500 _aIncludes bibliographical references.
650 0 _aECONOMICS
650 _aWORKING POOR--ZIMBABWE
650 _aStructural adjustment (Economic policy--Zimbabwe
995 _D0.00
_FCBU-MAIN LIBRARY (Kitwe)
_H1
_I15.25
_M1
_UAVAILABLE
_ZAnnex Low-Usage Collection
999 _c58651
_d58651